[Event "Punta del Este Alekhine op"]
[Site "Punta del Este"]
[Date "2020.03.08"]
[Round "4"]
[White "Pena, Luis"]
[Black "Gutierrez, Nicolas"]
[Result "1-0"]
[WhiteElo "1601"]
[BlackElo "1470"]
[PlyCount "71"]
[EventDate "2020.03.06"]
[EventType "swiss"]
[EventRounds "5"]
[EventCountry "URU"]
[SourceTitle "EXT 2021"]
[Source "ChessBase"]
[SourceDate "2020.10.23"]
[SourceVersion "1"]
[SourceVersionDate "2020.10.23"]
[SourceQuality "1"]

1. d4 d5 2. Nf3 Bf5 3. Bf4 e6 4. e3 Nf6 5. h3 b6 6. Bd3 Be4 7. Nbd2 Bb4 8. c3 Bxd3 9. cxb4 Qe7 10. a3 c6 11. Ne5 Ba6 12. Rc1 Nbd7 13. Qa4 Bb5 14. Qb3 0-0 15. a4 Bc4 16. Ndxc4 dxc4 17. Nxc4 e5 18. dxe5 Nd5 19. 0-0 Nxb4 20. Rfd1 a5 21. Rd6 Nc5 22. Qd1 Rad8 23. Qg4 Nxa4 24. Bh6 g6 25. Bg5 Qc7 26. Rxd8 Rxd8 27. Bxd8 Qxd8 28. Nd6 b5 29. Qf3 Qe7 30. b3 Nb2 31. Rxc6 Nxc6 32. Qxc6 Qxe5 33. Nxb5 Nd3 34. Qa8+ Kg7 35. Qxa5 Qb2 36. Qc3+ 1-0

[Event "Montevideo Duchamp Cup 3rd"]
[Site "Montevideo"]
[Date "2019.02.16"]
[Round "9"]
[White "Zaruski, Julio"]
[Black "Pena, Luis"]
[Result "1-0"]
[WhiteElo "1823"]
[BlackElo "1626"]
[PlyCount "103"]
[EventDate "2019.02.09"]
[EventType "swiss"]
[EventRounds "9"]
[EventCountry "URU"]
[SourceTitle "CBM 189 Extra"]
[Source "ChessBase"]
[SourceDate "2019.05.31"]
[SourceVersion "1"]
[SourceVersionDate "2019.05.31"]
[SourceQuality "1"]

1. c4 c5 2. g3 Nc6 3. Bg2 Nf6 4. Nc3 e5 5. d3 d6 6. Nf3 Be7 7. 0-0 0-0 8. b3 a6 9. Bb2 Bd7 10. e3 Rb8 11. Qe2 Re8 12. Rfd1 Bf8 13. Ne4 Nxe4 14. dxe4 Qe7 15. Nd2 f5 16. exf5 Bxf5 17. Ne4 Bxe4 18. Bxe4 Qg5 19. Qf3 Rbc8 20. h4 Qe7 21. Rd2 Red8 22. Rad1 Qc7 23. Kg2 b5 24. Bd5+ Kh8 25. cxb5 axb5 26. Bxc6 Qxc6 27. Qxc6 Rxc6 28. Bxe5 c4 29. Rc2 Be7 30. Bd4 d5 31. bxc4 dxc4 32. Kf3 Bf6 33. Rb1 Bxd4 34. exd4 Rxd4 35. Rxb5 Rf6+ 36. Ke3 Rd3+ 37. Ke4 Re6+ 38. Re5 Rxe5+ 39. Kxe5 c3 40. Ke4 Rd2 41. Rxc3 g6 42. a4 Rxf2 43. Ra3 Rc2 44. a5 Rc8 45. a6 Kg7 46. a7 Ra8 47. Kd5 Kf7 48. Kc6 Ke6 49. Kb7 Rd8 50. a8Q Rxa8 51. Rxa8 Kf5 52. Ra4 1-0

[Event "Montevideo Duchamp Cup 3rd"]
[Site "Montevideo"]
[Date "2019.02.11"]
[Round "4"]
[White "Pena, Luis"]
[Black "Silva Rosas, Natalia"]
[Result "0-1"]
[WhiteElo "1626"]
[BlackElo "1830"]
[PlyCount "30"]
[EventDate "2019.02.09"]
[EventType "swiss"]
[EventRounds "9"]
[EventCountry "URU"]
[SourceTitle "CBM 188 Extra"]
[Source "ChessBase"]
[SourceDate "2019.02.28"]
[SourceVersion "1"]
[SourceVersionDate "2019.02.28"]
[SourceQuality "1"]

1. e4 c5 2. Nf3 e6 3. d4 cxd4 4. Nxd4 a6 5. Be3 Qc7 6. Nc3 Bb4 7. Bd2 Nf6 8. Bd3 Nc6 9. Nxc6 bxc6 10. a3 Bc5 11. Qe2 Ba7 12. 0-0 h5 13. h3 Ng4 14. hxg4 hxg4 15. g3 Qxg3# 0-1

[Event "Montevideo Duchamp Cup 2nd"]
[Site "Montevideo"]
[Date "2018.02.05"]
[Round "6"]
[White "Dotta, Gian Franco"]
[Black "Pena, Luis"]
[Result "1-0"]
[WhiteElo "1886"]
[BlackElo "1604"]
[PlyCount "89"]
[EventDate "2018.02.02"]
[EventType "swiss"]
[EventRounds "9"]
[EventCountry "URU"]
[SourceTitle "CBM 182 Extra"]
[Source "ChessBase"]
[SourceDate "2018.02.23"]
[SourceVersion "1"]
[SourceVersionDate "2018.02.23"]
[SourceQuality "1"]

1. e4 c5 2. Nf3 d6 3. d4 cxd4 4. Nxd4 Nc6 5. Nc3 a6 6. Be3 e6 7. Be2 Nf6 8. f4 Be7 9. 0-0 0-0 10. a4 Qc7 11. Qe1 b6 12. g4 Nxd4 13. Bxd4 Bb7 14. Bf3 e5 15. Be3 Rfd8 16. g5 Ne8 17. f5 b5 18. Qf2 Qc4 19. Be2 Qb4 20. Bd3 d5 21. exd5 Bxd5 22. Nxd5 Rxd5 23. axb5 Bc5 24. Bxc5 Rxc5 25. c3 Qg4+ 26. Qg2 Qxg2+ 27. Kxg2 Rd8 28. bxa6 Rxd3 29. a7 Rc8 30. a8Q Rxa8 31. Rxa8 Kf8 32. f6 gxf6 33. gxf6 Rd6 34. b4 Re6 35. c4 h5 36. c5 Kg8 37. b5 Kh7 38. Rxe8 Rxe8 39. c6 Rc8 40. Rc1 Kg6 41. b6 Kxf6 42. c7 Ke6 43. b7 Rg8+ 44. Kf2 f5 45. c8Q+ 1-0

[Event "Montevideo Duchamp Cup 2nd"]
[Site "Montevideo"]
[Date "2018.02.04"]
[Round "5"]
[White "Pena, Luis"]
[Black "De Haro, Martim Alfonso"]
[Result "0-1"]
[WhiteElo "1604"]
[BlackElo "1898"]
[PlyCount "120"]
[EventDate "2018.02.02"]
[EventType "swiss"]
[EventRounds "9"]
[EventCountry "URU"]
[SourceTitle "CBM 182 Extra"]
[Source "ChessBase"]
[SourceDate "2018.02.23"]
[SourceVersion "1"]
[SourceVersionDate "2018.02.23"]
[SourceQuality "1"]

1. d4 Nf6 2. Bf4 c5 3. e3 cxd4 4. exd4 Nc6 5. Nf3 e6 6. h3 Be7 7. c3 0-0 8. Bd3 d6 9. 0-0 b6 10. Re1 Bb7 11. Bh2 Re8 12. Nbd2 Nb8 13. Ne4 Nxe4 14. Bxe4 Bxe4 15. Rxe4 d5 16. Re1 Nd7 17. Ne5 Nxe5 18. Bxe5 b5 19. Qg4 Bf6 20. a3 Bxe5 21. Rxe5 a5 22. Qe2 Qb6 23. Re3 b4 24. Qd2 bxa3 25. Rxa3 Reb8 26. b3 Rc8 27. Qa2 Qb5 28. Ra4 Rab8 29. b4 axb4 30. Rxb4 Qc6 31. Rxb8 Rxb8 32. Qa7 Rb1+ 33. Kh2 Qd6+ 34. g3 Qb8 35. Qe7 Rb7 36. Qg5 h6 37. Qg4 Rb1 38. Kg2 Qc7 39. h4 Qc4 40. Qe2 Qxe2 41. Rxe2 Rc1 42. Re3 Kf8 43. Kf3 Ke7 44. Ke2 Rc2+ 45. Kf3 Kd6 46. g4 Kc6 47. Kg3 Kb5 48. f4 Kc4 49. Kf3 Rxc3 50. Rxc3+ Kxc3 51. Ke3 f6 52. h5 Kc4 53. f5 exf5 54. Kf4 fxg4 55. Kxg4 Kxd4 56. Kf5 Kc3 57. Kg6 d4 58. Kxg7 d3 59. Kxh6 d2 60. Kg7 d1Q 0-1

[Event "Montevideo Senior-ch"]
[Site "Montevideo"]
[Date "2017.06.19"]
[Round "5"]
[White "Tramutolo, Gustavo"]
[Black "Pena, Luis"]
[Result "0-1"]
[WhiteElo "1411"]
[BlackElo "1612"]
[PlyCount "84"]
[EventDate "2017.06.17"]
[EventType "swiss"]
[EventRounds "5"]
[EventCountry "URU"]
[SourceTitle "CBM 179 Extra"]
[Source "ChessBase"]
[SourceDate "2017.08.23"]
[SourceVersion "1"]
[SourceVersionDate "2017.08.23"]
[SourceQuality "1"]

1. d4 d5 2. c4 e6 3. Nc3 Nf6 4. cxd5 exd5 5. Bg5 Be7 6. e3 0-0 7. Bd3 c6 8. Nge2 Be6 9. Nf4 Bc8 10. 0-0 Nbd7 11. Nh5 g6 12. Ng3 Re8 13. Qc2 Bf8 14. e4 dxe4 15. Ngxe4 Bg7 16. Nd6 Re6 17. Nce4 Qe7 18. Rfe1 Qf8 19. Nxc8 Rxc8 20. Qb3 Nxe4 21. Rxe4 Rxe4 22. Bxe4 Re8 23. Qd3 Qd6 24. Rd1 Qf8 25. Bc1 Nf6 26. a3 Qd6 27. f3 Nd5 28. g3 f5 29. Bxd5+ Qxd5 30. b3 b5 31. Kg2 a5 32. Bb2 Bh6 33. Bc1 Bg7 34. Kh3 h6 35. g4 Rf8 36. g5 h5 37. Re1 Bxd4 38. Qe2 Be5 39. Qxe5 Qxf3+ 40. Qg3 Qd5 41. Qe3 Rf7 42. Qe6 Qf3+ 0-1

[Event "Montevideo Senior-ch"]
[Site "Montevideo"]
[Date "2017.06.18"]
[Round "4"]
[White "Barla, Rafael"]
[Black "Pena, Luis"]
[Result "1/2-1/2"]
[WhiteElo "1810"]
[BlackElo "1612"]
[PlyCount "35"]
[EventDate "2017.06.17"]
[EventType "swiss"]
[EventRounds "5"]
[EventCountry "URU"]
[SourceTitle "CBM 179 Extra"]
[Source "ChessBase"]
[SourceDate "2017.08.23"]
[SourceVersion "1"]
[SourceVersionDate "2017.08.23"]
[SourceQuality "1"]

1. d4 d5 2. Nf3 Nf6 3. e3 Bg4 4. Nbd2 e6 5. c4 c5 6. Qa4+ Qd7 7. Qb3 Bxf3 8. Nxf3 Nc6 9. cxd5 exd5 10. Ne5 c4 11. Qd1 Nxe5 12. dxe5 Bb4+ 13. Bd2 Bxd2+ 14. Qxd2 Ne4 15. Qc2 Rb8 16. g3 0-0 17. Bg2 Nc5 18. 0-0 1/2-1/2

[Event "URU-ch Amateur"]
[Site "Colonia del Sacramento"]
[Date "2016.07.17"]
[Round "4.11"]
[White "De la Torre, Andres"]
[Black "Pena, Luis"]
[Result "1/2-1/2"]
[WhiteElo "1661"]
[BlackElo "1655"]
[PlyCount "25"]
[EventDate "2016.07.15"]
[EventType "swiss"]
[EventRounds "7"]
[EventCountry "URU"]
[SourceTitle "EXT 2024"]
[Source "ChessBase"]
[SourceDate "2023.10.10"]
[SourceVersion "1"]
[SourceVersionDate "2023.10.10"]
[SourceQuality "1"]

1. e4 e5 2. Nf3 Nc6 3. Bc4 Be7 4. d4 exd4 5. Nxd4 d6 6. c3 Nf6 7. Nd2 0-0 8. 0-0 Nxd4 9. cxd4 Nxe4 10. Nxe4 d5 11. Bxd5 Qxd5 12. Nc3 Qd8 13. Be3 1/2-1/2

[Event "American Continental 11th"]
[Site "Montevideo"]
[Date "2015.05.18"]
[Round "5"]
[White "Pena, Luis"]
[Black "Croes, Octavio"]
[Result "1-0"]
[WhiteElo "1680"]
[BlackElo "1887"]
[PlyCount "79"]
[EventDate "2015.05.15"]
[EventType "swiss"]
[EventRounds "11"]
[EventCountry "URU"]
[SourceTitle "CBM 167"]
[Source "ChessBase"]
[SourceDate "2015.07.13"]
[SourceVersion "1"]
[SourceVersionDate "2015.07.13"]
[SourceQuality "1"]

1. e4 c5 2. Nf3 d6 3. d4 cxd4 4. Nxd4 Nf6 5. Nc3 a6 6. a4 e5 7. Nf3 Qc7 8. Be2 Be7 9. 0-0 0-0 10. Bg5 Be6 11. Qd2 Nbd7 12. Nh4 h6 13. Bxf6 Nxf6 14. g3 Qc5 15. Rad1 Rac8 16. Ng2 b5 17. axb5 axb5 18. Qe3 b4 19. Qxc5 Rxc5 20. Nd5 Nxd5 21. exd5 Bxd5 22. Ne3 Be4 23. Bd3 Bxd3 24. Rxd3 f5 25. Nd5 Bg5 26. Nxb4 Rb5 27. c3 Be7 28. Nd5 Kf7 29. b4 Rc8 30. Ra1 Bd8 31. Ra6 Ke6 32. Ne3 Rb6 33. Ra7 Bf6 34. Nd5 Rbc6 35. b5 Rc5 36. c4 Rxc4 37. b6 Rc1+ 38. Kg2 e4 39. Nc7+ Ke5 40. Rd5# 1-0

[Event "American Continental 11th"]
[Site "Montevideo"]
[Date "2015.05.17"]
[Round "3"]
[White "Pena, Luis"]
[Black "Boff, Andre Ricardo"]
[Result "0-1"]
[WhiteElo "1680"]
[BlackElo "1927"]
[PlyCount "68"]
[EventDate "2015.05.15"]
[EventType "swiss"]
[EventRounds "11"]
[EventCountry "URU"]
[SourceTitle "CBM 167"]
[Source "ChessBase"]
[SourceDate "2015.07.13"]
[SourceVersion "1"]
[SourceVersionDate "2015.07.13"]
[SourceQuality "1"]

1. e4 e6 2. d4 d5 3. exd5 exd5 4. Be2 Nc6 5. Nf3 Bf5 6. a3 Bd6 7. 0-0 Nge7 8. Bg5 f6 9. Bh4 Qd7 10. Nbd2 0-0-0 11. b4 g5 12. Bg3 g4 13. Nh4 Nxd4 14. Bxd6 Bxc2 15. Bxg4 f5 16. Qe1 Qxd6 17. Bh3 Bd3 18. Qe3 Bxf1 19. Qxd4 Ba6 20. Qxa7 Qf6 21. Re1 c6 22. Ndf3 Kc7 23. Qc5 Rhe8 24. a4 Bc4 25. Re5 Ng6 26. Nxg6 hxg6 27. Qe3 Rxe5 28. Nxe5 g5 29. g3 f4 30. Qd4 Re8 31. gxf4 gxf4 32. a5 Qxe5 33. Qb6+ Kb8 34. Bd7 Rg8+ 0-1

[Event "URU-ch sf"]
[Site "Colonia del Sacramento"]
[Date "2015.02.16"]
[Round "6"]
[White "Pena, Luis"]
[Black "Savino, Horacio"]
[Result "0-1"]
[WhiteElo "1710"]
[BlackElo "1906"]
[PlyCount "98"]
[EventDate "2015.02.13"]
[EventType "swiss"]
[EventRounds "9"]
[EventCountry "URU"]
[SourceTitle "EXT 2017"]
[Source "ChessBase"]
[SourceDate "2016.10.25"]
[SourceVersion "1"]
[SourceVersionDate "2016.10.25"]
[SourceQuality "1"]

1. e4 e6 2. d4 d5 3. Nd2 Nf6 4. f3 c5 5. Bb5+ Bd7 6. Bxd7+ Nfxd7 7. c3 Nc6 8. Ne2 Qb6 9. Qb3 dxe4 10. fxe4 cxd4 11. Qxb6 Nxb6 12. cxd4 Rd8 13. Nf3 Bb4+ 14. Kf1 0-0 15. a3 Be7 16. Bf4 Nc4 17. b4 Rd7 18. b5 N6a5 19. a4 Rfd8 20. g3 Bf6 21. e5 Be7 22. Kg2 Nb6 23. Be3 Nd5 24. Bf2 Nc4 25. Nf4 Ncb6 26. Nxd5 Nxd5 27. Nd2 Rc7 28. Nb3 b6 29. a5 Rc3 30. Rhb1 Rdc8 31. axb6 axb6 32. Nd2 Rc2 33. Ne4 f5 34. exf6 gxf6 35. Ra7 f5 36. Rxe7 Nxe7 37. Ng5 Re2 38. Kf3 Rcc2 39. Nh3 Nd5 40. Ra1 Ra2 41. Rc1 Rec2 42. Re1 Ra3+ 43. Kg2 Ne3+ 44. Kh1 Ng4 45. Bg1 Raa2 46. Nf4 Nxh2 47. Rxe6 Nf3 48. Nh3 Rh2+ 49. Bxh2 Rxh2# 0-1

[Event "URU-ch sf"]
[Site "Colonia del Sacramento"]
[Date "2015.02.14"]
[Round "2"]
[White "Pena, Luis"]
[Black "Barandiaran, Gabriel"]
[Result "1-0"]
[WhiteElo "1710"]
[BlackElo "1910"]
[PlyCount "83"]
[EventDate "2015.02.13"]
[EventType "swiss"]
[EventRounds "9"]
[EventCountry "URU"]
[SourceTitle "EXT 2017"]
[Source "ChessBase"]
[SourceDate "2016.10.25"]
[SourceVersion "1"]
[SourceVersionDate "2016.10.25"]
[SourceQuality "1"]

1. e4 e5 2. Nf3 Nc6 3. Be2 Nf6 4. Nc3 Bc5 5. 0-0 d6 6. d3 h6 7. Na4 Bb6 8. Nxb6 axb6 9. Be3 0-0 10. Qd2 Be6 11. a3 d5 12. exd5 Nxd5 13. Rad1 f5 14. Qc1 f4 15. Bd2 g5 16. c4 Nde7 17. Bc3 Ng6 18. d4 e4 19. d5 exf3 20. Bxf3 Nce5 21. dxe6 Qf6 22. Bd5 c6 23. e7+ cxd5 24. exf8Q+ Rxf8 25. Rxd5 f3 26. Qe3 fxg2 27. Rfd1 Nf3+ 28. Kxg2 Nf4+ 29. Kh1 Nxd5 30. cxd5 Qd8 31. Qe6+ Kh7 32. d6 Nh4 33. Qe7+ Kg6 34. Qg7+ Kh5 35. Qe7 Qc8 36. Qe2+ g4 37. Rd5+ Nf5 38. h3 Rg8 39. d7 Qc7 40. hxg4+ Rxg4 41. Rxf5+ Kh4 42. Bf6+ 1-0

[Event "URU-ch sf"]
[Site "Colonia del Sacramento"]
[Date "2015.02.13"]
[Round "1"]
[White "Ibanez Iglesias, Juan Rodrigo"]
[Black "Pena, Luis"]
[Result "1-0"]
[WhiteElo "2072"]
[BlackElo "1710"]
[PlyCount "41"]
[EventDate "2015.02.13"]
[EventType "swiss"]
[EventRounds "9"]
[EventCountry "URU"]
[SourceTitle "EXT 2017"]
[Source "ChessBase"]
[SourceDate "2016.10.25"]
[SourceVersion "1"]
[SourceVersionDate "2016.10.25"]
[SourceQuality "1"]

1. e4 e5 2. Nf3 Nc6 3. Bb5 d6 4. c3 Bd7 5. 0-0 Nf6 6. Re1 Be7 7. d4 a6 8. Ba4 exd4 9. cxd4 0-0 10. h3 Re8 11. Nc3 Qc8 12. e5 dxe5 13. dxe5 Nh5 14. Nd5 Bc5 15. Bb3 Ng3 16. Bf4 Nf5 17. Rc1 Bf8 18. Ng5 Nfd4 19. Qh5 Bf5 20. Nf6+ gxf6 21. Qxf7+ 1-0

[Event "URU-chT Departamental"]
[Site "Punta del Este"]
[Date "2014.11.09"]
[Round "5.43"]
[White "Pena, Luis"]
[Black "Gatti, Santiago"]
[Result "1/2-1/2"]
[WhiteElo "1721"]
[BlackElo "1740"]
[PlyCount "59"]
[EventDate "2014.11.07"]
[EventType "team-swiss"]
[EventRounds "5"]
[EventCountry "URU"]
[SourceTitle "EXT 2017"]
[Source "ChessBase"]
[SourceDate "2016.10.25"]
[SourceVersion "1"]
[SourceVersionDate "2016.10.25"]
[SourceQuality "1"]

1. d4 f5 2. Nf3 e6 3. c4 Nf6 4. Bg5 Be7 5. e3 0-0 6. Be2 b6 7. 0-0 Bb7 8. Nc3 d6 9. a4 a5 10. Nd2 Ne4 11. Bxe7 Qxe7 12. f3 Nxc3 13. bxc3 Nd7 14. e4 fxe4 15. fxe4 Rxf1+ 16. Bxf1 Qg5 17. Qe2 Rf8 18. Rb1 e5 19. Re1 Nf6 20. Qe3 Qg6 21. Bd3 Bc6 22. Bc2 Ng4 23. Qg3 Qg5 24. Re2 Qf4 25. Qxf4 exf4 26. Nf1 f3 27. gxf3 Rxf3 28. e5 dxe5 29. dxe5 Rf8 30. e6 1/2-1/2

[Event "URU-chT Departamental"]
[Site "Punta del Este"]
[Date "2014.11.08"]
[Round "3.63"]
[White "Pena, Luis"]
[Black "Pelaez, Diego"]
[Result "1-0"]
[WhiteElo "1721"]
[BlackElo "1633"]
[PlyCount "103"]
[EventDate "2014.11.07"]
[EventType "team-swiss"]
[EventRounds "5"]
[EventCountry "URU"]
[SourceTitle "EXT 2017"]
[Source "ChessBase"]
[SourceDate "2016.10.25"]
[SourceVersion "1"]
[SourceVersionDate "2016.10.25"]
[SourceQuality "1"]

1. d4 d6 2. e4 g6 3. Nf3 Nf6 4. Bd3 Bg7 5. h3 c6 6. 0-0 0-0 7. Be3 Nbd7 8. Nc3 b5 9. a3 Bb7 10. Qd2 a6 11. Bh6 c5 12. Bxg7 Kxg7 13. dxc5 Nxc5 14. Rfd1 Qb6 15. Qe3 Ncd7 16. Qxb6 Nxb6 17. Nd2 Rac8 18. f3 Rc7 19. Nf1 Rfc8 20. Ne3 Nh5 21. Kf2 e6 22. Bf1 Rd8 23. Rd2 Rcd7 24. Rad1 d5 25. exd5 Nf4 26. d6 Nfd5 27. Ncxd5 Bxd5 28. b3 Kf8 29. c4 bxc4 30. Nxc4 Bxc4 31. Bxc4 Nxc4 32. bxc4 Rc8 33. Rc1 Rc5 34. Ke3 e5 35. Rd3 f5 36. Kd2 Kf7 37. Kc3 a5 38. Rb1 Ke6 39. Rb6 g5 40. a4 e4 41. fxe4 fxe4 42. Rd1 Ke5 43. Rb5 Rxb5 44. cxb5 e3 45. Kc4 Kf4 46. Kc5 e2 47. Rb1 Kg3 48. Kc6 Rf7 49. d7 Rf6+ 50. Kc7 Rf7 51. b6 Rf1 52. d8Q 1-0

[Event "URU-ch sf"]
[Site "Montevideo"]
[Date "2014.03.02"]
[Round "5"]
[White "Pena, Luis"]
[Black "Milan, Julio"]
[Result "1-0"]
[WhiteElo "1770"]
[BlackElo "1689"]
[PlyCount "76"]
[EventDate "2014.02.28"]
[EventType "swiss"]
[EventRounds "9"]
[EventCountry "URU"]
[SourceTitle "CBM 159 Extra"]
[Source "ChessBase"]
[SourceDate "2014.04.24"]
[SourceVersion "1"]
[SourceVersionDate "2014.04.24"]
[SourceQuality "1"]

1. d4 Nf6 2. Nf3 g6 3. e3 d5 4. c4 Nc6 5. Nc3 a6 6. Be2 dxc4 7. Bxc4 b5 8. Be2 Bg7 9. 0-0 0-0 10. Bd2 Bb7 11. Rc1 Rc8 12. a3 e6 13. h3 Nd5 14. Nh2 Nce7 15. Bf3 c5 16. dxc5 Rxc5 17. Nxd5 Rxc1 18. Nxe7+ Qxe7 19. Bxc1 Rd8 20. Qe2 Bxf3 21. Nxf3 Rc8 22. b4 Qf6 23. Nd4 Qe5 24. Qf3 Qc7 25. Bd2 Qd7 26. Re1 Qd6 27. Rc1 Rd8 28. Bc3 Rc8 29. Ne2 Bxc3 30. Rxc3 Rd8 31. Ng3 Qe5 32. Qc6 h5 33. Rc1 Qb2 34. Qc7 Rd2 35. Ne4 Re2 36. Rf1 Kg7 37. Qa7 Qe5 38. Nc5 Qf5 1-0

[Event "URU-ch sf"]
[Site "Montevideo"]
[Date "2014.03.01"]
[Round "2"]
[White "Lanzilotta Mernies, Marcelo"]
[Black "Pena, Luis"]
[Result "1-0"]
[WhiteElo "2006"]
[BlackElo "1770"]
[PlyCount "79"]
[EventDate "2014.02.28"]
[EventType "swiss"]
[EventRounds "9"]
[EventCountry "URU"]
[SourceTitle "CBM 159 Extra"]
[Source "ChessBase"]
[SourceDate "2014.04.24"]
[SourceVersion "1"]
[SourceVersionDate "2014.04.24"]
[SourceQuality "1"]

1. e4 c5 2. Nc3 d6 3. f4 e6 4. Nf3 Nc6 5. Bc4 a6 6. a4 g6 7. d3 Bg7 8. 0-0 Nge7 9. Qe1 Nd4 10. Nxd4 Bxd4+ 11. Be3 Nc6 12. f5 0-0 13. Bxd4 cxd4 14. Ne2 Qg5 15. Ng3 Ne5 16. Qf2 Nxc4 17. dxc4 exf5 18. Qxd4 f4 19. Ne2 Qe5 20. Rxf4 f5 21. Rd1 Be6 22. b3 Rad8 23. Rdf1 fxe4 24. Rxf8+ Rxf8 25. Rxf8+ Kxf8 26. Qxe5 dxe5 27. Kf2 Kf7 28. Ke3 Kf6 29. Nc3 Bg4 30. h3 Bd7 31. Nxe4+ Ke7 32. h4 h6 33. c5 Bc6 34. g3 a5 35. Nd6 Ke6 36. Nc4 Kd5 37. Nxa5 Kxc5 38. Nxc6 Kxc6 39. Ke4 Kd6 40. b4 1-0